Sartre y los prolegómenos a la antropología.
Saved in:
| Main Author: | |
|---|---|
| Format: | Book |
| Language: | Spanish |
| Published: |
Ciudad Universitaria "Rodrigo Facio," Costa Rica,
1968.
|
| Series: | Publicaciones de la Universidad de Costa Rica. Serie filosofía,
no. 28 |
| Subjects: | |
| Tags: |
Add Tag
No Tags, Be the first to tag this record!
|
| LEADER | 00745nam a2200229I 4500 | ||
|---|---|---|---|
| 001 | 005299243-8 | ||
| 005 | 20020606095253.2 | ||
| 008 | 750710s1968 xx 000 0 spa u | ||
| 010 | |a 76516656 | ||
| 035 | 0 | |a ocm01441559 | |
| 040 | |c FUG |d HLS | ||
| 050 | |a B25 |b .C6 no. 28 | ||
| 100 | 1 | |a Herra, Rafael Angel. | |
| 245 | 0 | 0 | |a Sartre y los prolegómenos a la antropología. |
| 260 | |a Ciudad Universitaria "Rodrigo Facio," Costa Rica, |c 1968. | ||
| 300 | |a 230 p. |c 21cm. | ||
| 490 | 1 | |a Publicaciones de la Universidad de Costa Rica. Serie filosofía, |v no. 28 | |
| 504 | |a Bibliography: p. [203]-227. | ||
| 600 | 1 | 0 | |a Sartre, Jean Paul, |d 1905-1980. |
| 810 | 2 | |a Universidad de Costa Rica. |t Serie filosofía ; |v no. 28. | |
| 988 | |a 20020608 | ||
| 906 | |0 MH | ||


